|
|
|
|
| LEADER |
00707nta a2200169 i 4500 |
| 001 |
dipl80417 |
| 005 |
20191104141519.0 |
| 008 |
191104s2014 hu om 0|| zxx d |
| 040 |
|
|
|a SZTE Diploma Repozitórium
|b hun
|
| 041 |
|
|
|a zxx
|
| 100 |
1 |
|
|a Juhász Zoltán
|
| 245 |
1 |
3 |
|a Az emberi erőforrás menedzsment aktuális kihívásai a hazai egészségügyben
|h [elektronikus dokumentum] /
|c Zoltán Juhász
|
| 246 |
1 |
0 |
|a Current challenges of human resource management in the national healthcare system
|h [elektronikus dokumentum]
|
| 260 |
|
|
|c 2014
|
| 650 |
|
4 |
|a Gazdaságtudományok
|
| 700 |
1 |
|
|a Kürtösi Zsófia
|e ths
|
| 856 |
4 |
0 |
|u http://diploma.bibl.u-szeged.hu/id/eprint/80417/1/2014_juhasz_zoltan.pdf
|z Dokumentum-elérés
|